000 00320nam a2200133Ia 4500
008 231129s1962||||xx |||||||||||||| ||spa||
040 _bspa
082 _aCo864 J37l
100 _aJaramillo Angel Humberto
245 0 _aLetras y letrados : Ensayos
260 _c1962
264 _aImprenta Oficial
942 _2ddc
_cBKS
999 _c19156
_d19156